Illusion of power as a way of human resource management; Journal of Economics and Social Sciences; № 5

Podrobná bibliografie
Parent link:Journal of Economics and Social Sciences: electronic scientific journal.— , 2012-.— 2312-2978
№ 5.— 2014.— [3 p.]
Hlavní autor: Kuzmina N. A.
Korporace: Национальный исследовательский Томский политехнический университет (ТПУ) Институт социально-гуманитарных технологий (ИСГТ) Кафедра менеджмента (МЕН), Национальный исследовательский Томский политехнический университет (ТПУ) Институт социально-гуманитарных технологий (ИСГТ) Кафедра иностранных языков (ИЯСГТ)
Další autoři: Kalmykova E. Yu. Ekaterina Yurievna (научный консультант), Stupnikova O. B. Olga Borisovna (научный руководитель)
Shrnutí:Title screen
The article investigates the illusion of power. Illusion of the power is an ability of a personality to make impression about himself as about the person with significant level of power wherefore surrounding persons start mistaken about his power. The author explains specifics and possibilities of power`s illusion. The article explains how this phenomenon can influence on human resource management. Moreover consequences of this phenomenon can be absolutely cruel and terrible.
Статья исследует иллюзию власти. Иллюзия власти- это способность человека производить впечатление о себе, как о персон со значительным уровнем власти,из-за чего люди начинают ошибаться о ее наличии. Автор объясняет особенности и потенциальные возможности иллюзии власти. Статья поясняет как данный феномен влияет на управление персоналом. Более того, последствия данного феномена могут быть жестокими и ужасными.
Jazyk:angličtina
Vydáno: 2014
Edice:Социологические науки
Témata:
On-line přístup:http://earchive.tpu.ru/handle/11683/21673
Médium: MixedMaterials Elektronický zdroj Kapitola
KOHA link:https://koha.lib.tpu.ru/cgi-bin/koha/opac-detail.pl?biblionumber=537507

MARC

LEADER 00000naa2a2200000 4500
001 537507
005 20231101113935.0
035 |a (RuTPU)RU\TPU\prd\226939 
035 |a RU\TPU\prd\226937 
090 |a 537507 
100 |a 20141204a2014 k y0rusy50 ba 
101 0 |a eng 
102 |a RU 
135 |a drcn ---uucaa 
181 0 |a i  
182 0 |a b 
200 1 |a Illusion of power as a way of human resource management  |f N. A. Kuzmina  |g sci. adv. E. Yu. Kalmykova ; lang. adv. O. B. Stupnikova 
203 |a Text  |c electronic 
215 |a 1 файл (24 Кб) 
225 1 |a Социологические науки 
230 |a Электронные текстовые данные (1 файл : 24 Кб) 
300 |a Title screen 
320 |a [References: 2 tit.] 
330 |a The article investigates the illusion of power. Illusion of the power is an ability of a personality to make impression about himself as about the person with significant level of power wherefore surrounding persons start mistaken about his power. The author explains specifics and possibilities of power`s illusion. The article explains how this phenomenon can influence on human resource management. Moreover consequences of this phenomenon can be absolutely cruel and terrible. 
330 |a Статья исследует иллюзию власти. Иллюзия власти- это способность человека производить впечатление о себе, как о персон со значительным уровнем власти,из-за чего люди начинают ошибаться о ее наличии. Автор объясняет особенности и потенциальные возможности иллюзии власти. Статья поясняет как данный феномен влияет на управление персоналом. Более того, последствия данного феномена могут быть жестокими и ужасными. 
453 |a Кузьмина, Н. А. 
461 1 |0 (RuTPU)RU\TPU\prd\225573  |x 2312-2978  |t Journal of Economics and Social Sciences  |o electronic scientific journal  |d 2012- 
463 1 |0 (RuTPU)RU\TPU\prd\226862  |t № 5  |v [3 p.]  |d 2014 
610 1 |a electronic resource 
610 1 |a illusion of power 
610 1 |a human resources management 
610 1 |a Milgrem`s experiments 
700 1 |a Kuzmina  |b N. A. 
702 1 |a Kalmykova  |b E. Yu.  |c specialist in the field of management  |c Associate Professor of Tomsk Polytechnic University, Candidate of economic sciences  |f 1962-  |g Ekaterina Yurievna  |2 stltpush  |3 (RuTPU)RU\TPU\pers\30991  |4 695 
702 1 |a Stupnikova  |b O. B.  |c linguist  |c Lecturer of Tomsk Polytechnic University  |f 1976-  |g Olga Borisovna  |2 stltpush  |3 (RuTPU)RU\TPU\pers\33113  |4 727 
712 0 2 |a Национальный исследовательский Томский политехнический университет (ТПУ)  |b Институт социально-гуманитарных технологий (ИСГТ)  |b Кафедра менеджмента (МЕН)  |h 150  |2 stltpush  |3 (RuTPU)RU\TPU\col\18855 
712 0 2 |a Национальный исследовательский Томский политехнический университет (ТПУ)  |b Институт социально-гуманитарных технологий (ИСГТ)  |b Кафедра иностранных языков (ИЯСГТ)  |h 7147  |2 stltpush  |3 (RuTPU)RU\TPU\col\18376 
801 1 |a RU  |b 63413507  |c 20090623  |g PSBO 
801 2 |a RU  |b 63413507  |c 20160921  |g PSBO 
856 4 |u http://earchive.tpu.ru/handle/11683/21673 
942 |c BK